00554 a2200193 4500260001200000100001700012260001000029245003000039650003200069650003200101650003100133300001600164260000900180130000800189035000900197020001800206999001700224952011900241 a[Paris] aBühler, H. bDunod aElectronique de puissance a a a bfig., 24 cm c1987 lFr. a9800 a2-04-011584-6 c16077d16077 00104070aBEPACbBEPACd2009-02-27eEPACl0o621.3815322/B931ep21829EPACr2009-02-27 00:00:00w2009-02-27yLIVR